| 000 | | | 03645nmc2a22002533x 450 |
| 001 | | | 4a286b05-2700-4a24-b418-4aa23686ce41 |
| 005 | | | 20251226110722.0 |
| 100 | ## | $a | 20250620l19131913k l0rusy0189 ca |
| 101 | 0# | $a | rus |
| 102 | ## | $a | RU |
| 105 | ## | $a | y### |
| 122 | 0# | $a | d |
| 200 | 1# | $a | Письмо Еликониды Михайловны Железко Е.Г. Кривошеиной |
| | $j | 11 мая 1913 г. |
| 215 | ## | $a | 3 л. |
| | $d | 31,5х22,5 см |
| 251 | ## | $c | Дело |
| 300 | ## | $a | Письма разных лиц к Е.Г. Кривошеиной |
| 300 | ## | $a | На обложке указано: "Е.Г. Кривошеина (урожденная Карпова)" |
| 371 | ## | $a | Документ не является опубликованным и широко распространяемым |
| 461 | #0 | $1 | 0014a7d475a-da6a-4fe5-ac12-54e1d873a03e |
| | $1 | 2001 |
| | $a | Кривошеин Александр Васильевич |
| | $1 | 251 |
| | $c | Фонд |
| | $1 | 852 |
| | $j | 1571 |
| 462 | #0 | $1 | 0019af0f408-9074-482a-a22c-3a631489d173 |
| | $1 | 2001 |
| | $a | Личные документы Е.Г. Kривошеиной и ее сыновей; письма ей членов семьи и других лиц |
| | $1 | 251 |
| | $c | Опись |
| | $1 | 852 |
| | $j | 2 |
| 801 | #0 | $a | RU |
| | $b | РГИА |
| | $c | 20250620 |
| | $g | RCR |
| 801 | #1 | $a | RU |
| | $b | ГлавНИВЦ |
| | $c | 20250620 |
| | $2 | rusmarc |
| 801 | #2 | $a | RU |
| | $b | ПБ им. Б.Н. Ельцина |
| | $c | 20251226 |
| | $g | RCR |
| | $2 | rusmarc |
| 850 | ## | $a | РГИА |
| 852 | ## | $a | РГИА |
| | $e | Федеральное казенное учреждение "Российский государственный исторический архив" (РГИА) |
| | $j | 43 |
| 937 | ## | $h | РГИА |
| | $d | 12422501 |
| | $a | ASBIBLIO_SCAN |
| 035 | ## | $a | RusGRCC00088149 |
| 856 | ## | $u | http://readingroom.main.prlib.ru/item.aspx?id_node=n199878648&mode=full |